[Event "Madrid-chT 1819"]
[Site "Madrid"]
[Date "2019.03.17"]
[Round "14.1"]
[White "Pulvett Marin, Daniel Eduardo"]
[Black "Fernandez Blazquez, Diego"]
[Result "1-0"]
[WhiteElo "2464"]
[BlackElo "2248"]
[PlyCount "83"]
[EventDate "2018.11.17"]
[EventType "team-tourn"]
[EventRounds "14"]
[EventCountry "ESP"]
[SourceTitle "CBM 189 Extra"]
[Source "ChessBase"]
[SourceDate "2019.06.03"]
[SourceVersion "1"]
[SourceVersionDate "2019.06.03"]
[SourceQuality "1"]
[WhiteTeam "Villalba 64"]
[BlackTeam "San Fernando de Henares"]
[WhiteTeamCountry "ESP"]
[BlackTeamCountry "ESP"]

1. d4 Nf6 2. Nf3 e6 3. c4 d5 4. g3 Bb4+ 5. Nc3 dxc4 6. Bg2 0-0 7. 0-0 Nc6 8. Qa4 Bd7 9. Qc2 Rb8 10. Rd1 b5 11. e4 Be7 12. Qe2 b4 13. d5 Na5 14. dxe6 fxe6 15. e5 Ng4 16. Ne4 Qe8 17. h3 Nh6 18. Bxh6 gxh6 19. Nf6+ Bxf6 20. exf6 Rxf6 21. Qe5 Rf5 22. Qxc7 Rb7 23. Qd6 Ba4 24. Rd4 Rb6 25. Rg4+ Rg5 26. Nxg5 Rxd6 27. Ne4+ Kf8 28. Nxd6 Qd8 29. Nxc4 Nc6 30. Re1 Ne7 31. Rxe6 Ng6 32. Rd6 Qe7 33. Re4 Qg5 34. Ne3 Qc5 35. Rd8+ Kf7 36. Rc4 Qa5 37. Rb8 Bd7 38. Rb7 Nf8 39. Rf4+ Ke7 40. Nd5+ Kd6 41. Rxf8 Bc6 42. Rf6+ 1-0

[Event "Madrid-chT 1314"]
[Site "Madrid"]
[Date "2014.03.09"]
[Round "13.22"]
[White "Fernandez Blazquez, Diego"]
[Black "Rojo Huerta, Gabriel"]
[Result "0-1"]
[WhiteElo "2195"]
[BlackElo "2373"]
[PlyCount "82"]
[EventDate "2013.11.16"]
[EventType "team-tourn"]
[EventRounds "14"]
[EventCountry "ESP"]
[SourceTitle "EXT 2015"]
[Source "ChessBase"]
[SourceDate "2014.11.20"]
[SourceVersion "1"]
[SourceVersionDate "2014.11.20"]
[SourceQuality "1"]
[WhiteTeam "San Fernando de Henares"]
[BlackTeam "La Casa del Ajedrez"]
[WhiteTeamCountry "ESP"]
[BlackTeamCountry "ESP"]

1. d4 Nf6 2. c4 e6 3. g3 d5 4. Bg2 Be7 5. Nf3 0-0 6. 0-0 dxc4 7. Qc2 b5 8. a4 b4 9. Qxc4 Ba6 10. Qc2 Nbd7 11. Rd1 Rc8 12. e4 c5 13. d5 exd5 14. exd5 Bd6 15. Nbd2 c4 16. Nf1 Nc5 17. Nd4 Nd3 18. Nc6 Qd7 19. Ne3 Rfe8 20. h3 Ne4 21. Nxc4 Nexf2 22. Rxd3 Nxd3 23. Qxd3 Rxc6 24. b3 Bc5+ 25. Kh2 Rf6 26. Bf4 h6 27. h4 Rxf4 28. gxf4 Re3 29. Qxe3 Bxe3 30. Nxe3 Qe7 31. Nf5 Qf6 32. Re1 Bd3 33. Ne7+ Kf8 34. Kg3 g5 35. hxg5 hxg5 36. fxg5 Qxg5+ 37. Kf3 Bc2 38. Re3 Bd1+ 39. Kf2 Qf4+ 40. Bf3 Bxf3 41. Rxf3 Qh2+ 0-1

[Event "Madrid-chT 1314"]
[Site "Madrid"]
[Date "2014.02.16"]
[Round "10.32"]
[White "Fernandez Blazquez, Diego"]
[Black "Martin Duque, Jesus"]
[Result "1-0"]
[WhiteElo "2195"]
[BlackElo "2233"]
[PlyCount "79"]
[EventDate "2013.11.16"]
[EventType "team-tourn"]
[EventRounds "14"]
[EventCountry "ESP"]
[SourceTitle "EXT 2015"]
[Source "ChessBase"]
[SourceDate "2014.11.20"]
[SourceVersion "1"]
[SourceVersionDate "2014.11.20"]
[SourceQuality "1"]
[WhiteTeam "San Fernando de Henares"]
[BlackTeam "Vallecas CDV"]
[WhiteTeamCountry "ESP"]
[BlackTeamCountry "ESP"]

1. d4 Nf6 2. c4 c6 3. Nf3 d5 4. e3 Bf5 5. Nc3 e6 6. Nh4 Be4 7. f3 Bg6 8. Qb3 b5 9. cxb5 c5 10. dxc5 Bxc5 11. Bd2 Nbd7 12. Nxg6 hxg6 13. Na4 Bd6 14. 0-0-0 Rc8+ 15. Kb1 Qe7 16. Be2 0-0 17. Rc1 Ne5 18. Rxc8 Rxc8 19. Rc1 Rxc1+ 20. Bxc1 Ned7 21. g3 e5 22. b6 axb6 23. Nxb6 Nxb6 24. Qxb6 e4 25. f4 Bc5 26. Qb8+ Kh7 27. a4 d4 28. exd4 Bxd4 29. a5 Qc5 30. Qb5 Qd6 31. a6 Bb6 32. f5 e3 33. fxg6+ fxg6 34. Qb3 Qc5 35. Qc2 Qd6 36. Qd3 Qc5 37. Qc4 Qf5+ 38. Bd3 Qf2 39. Qh4+ Nh5 40. Qxh5+ 1-0

[Event "Madrid-chT 1314"]
[Site "Madrid"]
[Date "2014.02.08"]
[Round "9.12"]
[White "Rubio Mejia, Luis Ignacio"]
[Black "Fernandez Blazquez, Diego"]
[Result "1-0"]
[WhiteElo "2452"]
[BlackElo "2195"]
[PlyCount "79"]
[EventDate "2013.11.16"]
[EventType "team-tourn"]
[EventRounds "14"]
[EventCountry "ESP"]
[SourceTitle "EXT 2015"]
[Source "ChessBase"]
[SourceDate "2014.11.20"]
[SourceVersion "1"]
[SourceVersionDate "2014.11.20"]
[SourceQuality "1"]
[WhiteTeam "Virgen de Atocha"]
[BlackTeam "San Fernando de Henares"]
[WhiteTeamCountry "ESP"]
[BlackTeamCountry "ESP"]

1. d4 e6 2. c4 Nf6 3. Nf3 Bb4+ 4. Nbd2 0-0 5. g3 b6 6. Bg2 Bb7 7. 0-0 a5 8. Qc2 Bxd2 9. Bxd2 Be4 10. Qc3 d6 11. Rfd1 Nbd7 12. Rac1 Qc8 13. Be1 Qb7 14. Bf1 Rae8 15. Ng5 Bg6 16. f3 h6 17. Nh3 e5 18. e4 exd4 19. Rxd4 Nc5 20. Bg2 Bh7 21. Nf4 Ne6 22. Nxe6 fxe6 23. b3 e5 24. Rd2 g5 25. h3 Nd7 26. a3 Ra8 27. b4 axb4 28. axb4 Qa6 29. Bf2 Qa3 30. c5 Qxc3 31. Rxc3 bxc5 32. bxc5 Rf6 33. cxd6 cxd6 34. Rc6 Ra1+ 35. Kh2 Nf8 36. Rcxd6 Rxd6 37. Rxd6 Ra2 38. Be3 Re2 39. Bd2 Ng6 40. Kg1 1-0

[Event "Madrid-chT 1314"]
[Site "Madrid"]
[Date "2013.11.30"]
[Round "3.12"]
[White "Garcia Callejo, Jesus"]
[Black "Fernandez Blazquez, Diego"]
[Result "1-0"]
[WhiteElo "2224"]
[BlackElo "2195"]
[PlyCount "85"]
[EventDate "2013.11.16"]
[EventType "team-tourn"]
[EventRounds "14"]
[EventCountry "ESP"]
[SourceTitle "EXT 2015"]
[Source "ChessBase"]
[SourceDate "2014.11.20"]
[SourceVersion "1"]
[SourceVersionDate "2014.11.20"]
[SourceQuality "1"]
[WhiteTeam "Vallecas CDV"]
[BlackTeam "San Fernando de Henares"]
[WhiteTeamCountry "ESP"]
[BlackTeamCountry "ESP"]

1. e4 e6 2. d4 d5 3. exd5 exd5 4. Nf3 Bd6 5. c4 dxc4 6. Bxc4 Nf6 7. 0-0 0-0 8. Bg5 Nbd7 9. Nc3 Nb6 10. Bb3 Be7 11. Re1 Nfd5 12. Rxe7 Nxe7 13. Qe2 Re8 14. Re1 Bg4 15. Bxe7 Bxf3 16. gxf3 Qd7 17. Qe4 c6 18. Bc2 f5 19. Bb3+ Kh8 20. Qe6 Rad8 21. Re2 Qxe6 22. Rxe6 Rxd4 23. Bc5 Rdd8 24. Kg2 Nc8 25. f4 b6 26. Rxe8+ Rxe8 27. Be3 Nd6 28. Ne2 c5 29. Nc3 h6 30. a4 Re7 31. a5 c4 32. axb6 axb6 33. Ba4 Ra7 34. Bxb6 Ra6 35. Bc5 Ne4 36. Nxe4 fxe4 37. Bc2 Re6 38. Bd4 Kg8 39. Be5 Kf8 40. Bxe4 g5 41. Bd5 Rb6 42. Bxc4 gxf4 43. Kf3 1-0

[Event "Mostoles op 6th"]
[Site "Mostoles"]
[Date "2013.07.24"]
[Round "9"]
[White "Camarero Izquierdo, Juan Carlos"]
[Black "Fernandez Blazquez, Diego"]
[Result "0-1"]
[WhiteElo "1934"]
[BlackElo "2195"]
[PlyCount "92"]
[EventDate "2013.07.16"]
[EventType "swiss"]
[EventRounds "9"]
[EventCountry "ESP"]
[SourceTitle "EXT 2014"]
[Source "ChessBase"]
[SourceDate "2013.11.20"]
[SourceVersion "1"]
[SourceVersionDate "2013.11.20"]
[SourceQuality "1"]

1. d4 Nf6 2. Nc3 d5 3. Bg5 Nbd7 4. Nf3 c5 5. dxc5 e6 6. e4 Qa5 7. Bxf6 Nxf6 8. Bb5+ Bd7 9. Bxd7+ Nxd7 10. exd5 Nxc5 11. Qe2 Be7 12. dxe6 Nxe6 13. Qb5+ Qxb5 14. Nxb5 0-0 15. 0-0 Bf6 16. c3 Rfd8 17. Rad1 a6 18. Nbd4 Nc5 19. Rfe1 Rac8 20. Re2 g6 21. g3 b5 22. a3 Na4 23. Rd3 Rd6 24. Rde3 Kg7 25. g4 h6 26. h4 Rd5 27. Kg2 a5 28. Kg3 b4 29. axb4 axb4 30. g5 hxg5 31. hxg5 Bxg5 32. Nxg5 Rxg5+ 33. Kf4 Rh5 34. Rc2 bxc3 35. bxc3 Rh4+ 36. Ke5 Rc5+ 37. Kd6 Rxd4+ 38. cxd4 Rxc2 39. f4 Rd2 40. Ke5 Nb6 41. Rb3 Nd7+ 42. Kd5 Nf6+ 43. Ke5 Re2+ 44. Kd6 Re4 45. d5 Rxf4 46. Ke5 Rf5+ 0-1

[Event "Madrid Oliver Gonzalez Memorial-A 3rd"]
[Site "Madrid"]
[Date "2012.09.08"]
[Round "8"]
[White "Spitzer Isbert, Ramon"]
[Black "Fernandez Blazquez, Diego"]
[Result "1-0"]
[WhiteElo "2078"]
[BlackElo "2215"]
[PlyCount "102"]
[EventDate "2012.09.01"]
[EventType "swiss"]
[EventRounds "9"]
[EventCountry "ESP"]
[SourceTitle "CBM 150 Extra"]
[Source "ChessBase"]
[SourceDate "2012.10.19"]
[SourceVersion "1"]
[SourceVersionDate "2012.10.19"]
[SourceQuality "1"]

1. c3 c5 2. g3 d5 3. Bg2 Nc6 4. Na3 e5 5. d3 Nf6 6. Nf3 Bd6 7. 0-0 h6 8. Nc2 Be6 9. Nd2 0-0 10. e4 Qc7 11. exd5 Nxd5 12. Nc4 Be7 13. Re1 b5 14. N4e3 Nf6 15. Qf3 Rac8 16. Bf1 Qd7 17. Rd1 a6 18. Ne1 Nh7 19. Qe2 f5 20. Nf3 Rce8 21. Ng2 Bd6 22. Ngh4 Bd5 23. Ng2 f4 24. Nge1 Rf7 25. Bg2 g5 26. Nxg5 e4 27. Bh3 Qe7 28. Nxf7 Qxf7 29. dxe4 Ng5 30. Bg2 Bc4 31. Qc2 Bc7 32. h4 fxg3 33. hxg5 gxf2+ 34. Qxf2 Bh2+ 35. Kxh2 Qxf2 36. Nd3 Bxd3 37. Rxd3 Ne5 38. Rg3 h5 39. Be3 Qxb2 40. Rf1 Qxc3 41. Bf4 Qc2 42. g6 Ng4+ 43. Kh3 Qxa2 44. Kh4 Qe6 45. Kg5 Kg7 46. Kh4 Rf8 47. Bh3 Re8 48. Bc1 Qxe4 49. Bb2+ Ne5+ 50. Kg5 Re6 51. Bxe6 h4 1-0

[Event "Madrid Oliver Gonzalez Memorial-A 3rd"]
[Site "Madrid"]
[Date "2012.09.07"]
[Round "7"]
[White "Fernandez Blazquez, Diego"]
[Black "Pablos Tenrero, Raquel"]
[Result "1/2-1/2"]
[WhiteElo "2215"]
[BlackElo "1965"]
[PlyCount "71"]
[EventDate "2012.09.01"]
[EventType "swiss"]
[EventRounds "9"]
[EventCountry "ESP"]
[SourceTitle "CBM 150 Extra"]
[Source "ChessBase"]
[SourceDate "2012.10.19"]
[SourceVersion "1"]
[SourceVersionDate "2012.10.19"]
[SourceQuality "1"]

1. e4 e5 2. Nf3 Nc6 3. Bb5 a6 4. Ba4 Nge7 5. 0-0 g6 6. c3 Bg7 7. d4 exd4 8. cxd4 b5 9. Bb3 0-0 10. Nc3 Na5 11. Bc2 d6 12. h3 Bb7 13. Re1 c5 14. Bg5 h6 15. Bh4 Re8 16. Rc1 Qb6 17. Ne2 Nec6 18. d5 Nb4 19. a3 Nxc2 20. Qxc2 Nc4 21. Nc3 Qa5 22. Bg3 Rad8 23. Nd2 Nxd2 24. Qxd2 b4 25. Nb1 Qb6 26. axb4 cxb4 27. Kh1 Rc8 28. f3 a5 29. Bf2 Qb5 30. Bd4 Ba6 31. Bxg7 Kxg7 32. Qd4+ Kg8 33. Qf6 Qd7 34. Qd4 Qb5 35. Qf6 Qd7 36. Qd4 1/2-1/2

[Event "Madrid Oliver Gonzalez Memorial-A 3rd"]
[Site "Madrid"]
[Date "2012.09.05"]
[Round "5"]
[White "Fernandez Blazquez, Diego"]
[Black "Lopez Mulet, Inigo"]
[Result "1/2-1/2"]
[WhiteElo "2215"]
[BlackElo "2019"]
[PlyCount "67"]
[EventDate "2012.09.01"]
[EventType "swiss"]
[EventRounds "9"]
[EventCountry "ESP"]
[SourceTitle "CBM 150 Extra"]
[Source "ChessBase"]
[SourceDate "2012.10.19"]
[SourceVersion "1"]
[SourceVersionDate "2012.10.19"]
[SourceQuality "1"]

1. e4 e6 2. d4 d5 3. Nc3 Nf6 4. e5 Nfd7 5. f4 c5 6. Nf3 Nc6 7. Be3 cxd4 8. Nxd4 Bc5 9. Qd2 a6 10. g3 Nxd4 11. Bxd4 Qc7 12. Bg2 Nb8 13. 0-0 Bxd4+ 14. Qxd4 Nc6 15. Qf2 b5 16. f5 Qa7 17. fxe6 fxe6 18. Ne2 Rf8 19. Qxa7 Rxa7 20. Rxf8+ Kxf8 21. Nf4 Ke7 22. Nd3 Bd7 23. c3 Be8 24. Re1 a5 25. Nc5 Rc7 26. Bh3 Bd7 27. a3 Rc8 28. b4 axb4 29. axb4 Ra8 30. Bf1 Ra3 31. Bxb5 Be8 32. Rc1 Ra2 33. Re1 Ra3 34. Rc1 1/2-1/2

[Event "Madrid Oliver Gonzalez Memorial-A 3rd"]
[Site "Madrid"]
[Date "2012.09.04"]
[Round "4"]
[White "Rodriguez Melendez, Juan Humbert"]
[Black "Fernandez Blazquez, Diego"]
[Result "1-0"]
[WhiteElo "2080"]
[BlackElo "2215"]
[PlyCount "107"]
[EventDate "2012.09.01"]
[EventType "swiss"]
[EventRounds "9"]
[EventCountry "ESP"]
[SourceTitle "CBM 150 Extra"]
[Source "ChessBase"]
[SourceDate "2012.10.19"]
[SourceVersion "1"]
[SourceVersionDate "2012.10.19"]
[SourceQuality "1"]

1. e4 c5 2. Nc3 Nc6 3. f4 g6 4. Nf3 Bg7 5. Bc4 e6 6. 0-0 Nge7 7. d3 d5 8. Bb3 0-0 9. Kh1 Nd4 10. Qe1 Nec6 11. f5 dxe4 12. Nxe4 Nxf3 13. Rxf3 exf5 14. Bg5 Qd4 15. c3 Qe5 16. Bf4 Qe8 17. Nxc5 Qd8 18. d4 Na5 19. Bc2 b6 20. Nd3 Bb7 21. Rf1 Re8 22. Qg3 Rc8 23. Rac1 Be4 24. Ba4 Bc6 25. Bxc6 Nxc6 26. Rce1 Qd5 27. b3 Qa5 28. Rxe8+ Rxe8 29. Re1 Re4 30. Qf3 Qxc3 31. Rc1 Rxf4 32. Rxc3 Rxf3 33. gxf3 Nxd4 34. Kg2 Bf6 35. Rc7 Nb5 36. Rb7 Bc3 37. Nf4 Kg7 38. Nd5 Bd2 39. a4 Nd4 40. Rxa7 Nxb3 41. Nxb6 Be3 42. Rb7 Nc5 43. Re7 f4 44. a5 Nd3 45. Nd5 Bc5 46. Rc7 Bd4 47. Kf1 g5 48. a6 Ne5 49. Ke2 g4 50. Nxf4 gxf3+ 51. Kf1 Bb6 52. Rb7 Be3 53. a7 Ng4 54. Nh3 1-0

[Event "Mostoles op 5th"]
[Site "Mostoles"]
[Date "2012.07.25"]
[Round "7"]
[White "Fernandez Blazquez, Diego"]
[Black "Panero Cabero, Gregorio"]
[Result "1-0"]
[WhiteElo "2190"]
[BlackElo "1895"]
[PlyCount "41"]
[EventDate "2012.07.19"]
[EventType "swiss"]
[EventRounds "9"]
[EventCountry "ESP"]
[SourceTitle "EXT 2013"]
[Source "ChessBase"]
[SourceDate "2012.11.22"]
[SourceVersion "1"]
[SourceVersionDate "2012.11.22"]
[SourceQuality "1"]

1. d4 f5 2. Bg5 Nf6 3. Nc3 d5 4. f3 g6 5. Qd2 h6 6. Bxf6 exf6 7. Nh3 Bb4 8. Nf4 g5 9. Nfxd5 Bxc3 10. Nxc3 0-0 11. h4 c6 12. hxg5 hxg5 13. 0-0-0 b5 14. e4 f4 15. Qf2 a5 16. g3 fxg3 17. Qxg3 Kg7 18. d5 Qb6 19. Qh2 Kf7 20. Qh7+ Ke8 21. Qg6+ 1-0

[Event "Mostoles op 5th"]
[Site "Mostoles"]
[Date "2012.07.19"]
[Round "1"]
[White "Fernandez Blazquez, Diego"]
[Black "Tevar Sanz, Gonzalo"]
[Result "1-0"]
[WhiteElo "2190"]
[BlackElo "1849"]
[PlyCount "77"]
[EventDate "2012.07.19"]
[EventType "swiss"]
[EventRounds "9"]
[EventCountry "ESP"]
[SourceTitle "EXT 2013"]
[Source "ChessBase"]
[SourceDate "2012.11.22"]
[SourceVersion "1"]
[SourceVersionDate "2012.11.22"]
[SourceQuality "1"]

1. d4 Nf6 2. c4 c5 3. d5 b5 4. Nf3 g6 5. cxb5 a6 6. Qc2 d6 7. e4 Bg7 8. Nc3 0-0 9. a4 axb5 10. Bxb5 Ba6 11. 0-0 Bxb5 12. Nxb5 Na6 13. Bd2 Nc7 14. Nxc7 Qxc7 15. Bc3 Rfb8 16. Rfb1 Ra7 17. Nd2 Rab7 18. Nc4 Rb3 19. Nd2 R3b7 20. Nc4 Rb3 21. Ra3 Rxa3 22. Nxa3 Nd7 23. Nc4 Bxc3 24. bxc3 Ra8 25. Rb5 e6 26. dxe6 fxe6 27. Qb3 Qc6 28. f3 d5 29. exd5 exd5 30. Ne3 c4 31. Qd1 Nb6 32. Qd4 Nxa4 33. Rxd5 Nb6 34. Rd6 Ra1+ 35. Nf1 Qc7 36. Rxb6 Rd1 37. Rxg6+ hxg6 38. Qxd1 Qc5+ 39. Qd4 1-0

[Event "Tres Cantos op 4th"]
[Site "Tres Cantos"]
[Date "2012.06.28"]
[Round "8"]
[White "Renteria Becerra, Jorge Elicer"]
[Black "Fernandez Blazquez, Diego"]
[Result "0-1"]
[WhiteElo "2326"]
[BlackElo "2185"]
[PlyCount "54"]
[EventDate "2012.06.21"]
[EventType "swiss"]
[EventRounds "9"]
[EventCountry "ESP"]
[SourceTitle "CBM 149 Extra"]
[Source "ChessBase"]
[SourceDate "2012.08.24"]
[SourceVersion "1"]
[SourceVersionDate "2012.08.24"]
[SourceQuality "1"]

1. e4 c5 2. Nf3 d6 3. d4 cxd4 4. Nxd4 Nf6 5. Nc3 a6 6. Bg5 e6 7. Qe2 Be7 8. f4 Qc7 9. 0-0-0 Nbd7 10. g4 b5 11. a3 Bb7 12. Bh4 Nc5 13. Bg2 Nfxe4 14. Bxe4 Bxh4 15. Bxb7 Qxb7 16. g5 h6 17. Nf5 0-0 18. Nxh4 b4 19. axb4 Qxb4 20. Rdf1 Rab8 21. Nd1 Rfc8 22. Rf2 Rb5 23. Kb1 Ne4 24. Rf3 Nd2+ 25. Kc1 Ra5 26. Rc3 Nc4 27. Kb1 Qa4 0-1

[Event "Galapagar op 10th"]
[Site "Galapagar"]
[Date "2009.07.24"]
[Round "7"]
[White "Fernandez Garcia, Miguel Angel"]
[Black "Fernandez Blazquez, Diego"]
[Result "1/2-1/2"]
[WhiteElo "2269"]
[BlackElo "2108"]
[PlyCount "100"]
[EventDate "2009.07.18"]
[EventType "swiss"]
[EventRounds "9"]
[EventCountry "ESP"]
[SourceTitle "EXT 2010"]
[Source "ChessBase"]
[SourceDate "2010.11.25"]
[SourceVersion "1"]
[SourceVersionDate "2010.11.25"]
[SourceQuality "1"]

1. d4 Nf6 2. Nf3 g6 3. Bg5 Bg7 4. Nbd2 d5 5. e3 c5 6. c3 b6 7. Bb5+ Bd7 8. Bd3 0-0 9. 0-0 Nc6 10. Re1 Bg4 11. h3 Bxf3 12. Nxf3 Ne4 13. Bf4 c4 14. Bc2 b5 15. Bh2 f5 16. Nd2 b4 17. Nxe4 fxe4 18. Ba4 Rf6 19. Bxc6 Rxc6 20. cxb4 Qb6 21. Qa4 a6 22. Rac1 e6 23. Rc2 Bf8 24. a3 Be7 25. Rec1 Ra7 26. Be5 Rb7 27. f3 exf3 28. gxf3 Rc8 29. Rg2 a5 30. bxa5 Qb3 31. Qxb3 Rxb3 32. Rc3 Bd8 33. Rgc2 Rxc3 34. bxc3 Rc6 35. Kf2 Bxa5 36. Bf6 Kf7 37. Bh4 Ke8 38. e4 dxe4 39. fxe4 Rb6 40. Ke3 Rb3 41. Be1 Rxa3 42. d5 Bb6+ 43. Kf3 Ra1 44. Ke2 exd5 45. exd5 Kd7 46. Rb2 Bc5 47. Rb7+ Kd6 48. Rxh7 Kxd5 49. Rg7 Ra6 50. Bg3 Ke4 1/2-1/2

[Event "Galapagar op 10th"]
[Site "Galapagar"]
[Date "2009.07.22"]
[Round "5"]
[White "Fernandez Blazquez, Diego"]
[Black "Garrido Dominguez, Jesus"]
[Result "1/2-1/2"]
[WhiteElo "2108"]
[BlackElo "2333"]
[PlyCount "187"]
[EventDate "2009.07.18"]
[EventType "swiss"]
[EventRounds "9"]
[EventCountry "ESP"]
[SourceTitle "EXT 2010"]
[Source "ChessBase"]
[SourceDate "2010.11.25"]
[SourceVersion "1"]
[SourceVersionDate "2010.11.25"]
[SourceQuality "1"]

1. d4 d6 2. Nf3 Nf6 3. c4 g6 4. Nc3 Bg7 5. e4 Na6 6. Be2 0-0 7. 0-0 e5 8. Be3 Ng4 9. Bg5 Qe8 10. h3 f6 11. Bc1 Nh6 12. dxe5 dxe5 13. Be3 Nf7 14. a3 f5 15. exf5 gxf5 16. Ng5 Nxg5 17. Bxg5 Be6 18. Bh5 Bf7 19. Bxf7+ Qxf7 20. Qd5 c6 21. Qxf7+ Rxf7 22. Rad1 Nc5 23. Be3 Ne6 24. Rd3 f4 25. Bc1 Nc5 26. Rf3 Rd8 27. b4 e4 28. Rxf4 Rxf4 29. Bxf4 Ne6 30. Ne2 Rd3 31. Be3 Rxa3 32. Rb1 Be5 33. g4 Kf7 34. Kg2 Ra2 35. Ng3 Bxg3 36. Kxg3 Ra3 37. Kg2 Rc3 38. b5 cxb5 39. cxb5 Kf6 40. Bxa7 Nf4+ 41. Kg1 Nxh3+ 42. Kh2 Rf3 43. Rb2 Kg5 44. Re2 e3 45. Rxe3 Rxe3 46. fxe3 Kxg4 47. Kg2 Ng5 48. Bb8 Ne4 49. Bc7 h5 50. Bb8 h4 51. Bc7 h3+ 52. Kh2 Ng5 53. Bd8 Nf3+ 54. Kh1 Nd2 55. Kh2 Nf1+ 56. Kg1 Nxe3 57. Bc7 Nd5 58. b6 Nf4 59. Kh2 Ng6 60. Bd6 Nh4 61. Bc7 Nf3+ 62. Kh1 Kf5 63. Bd6 Ke6 64. Bc7 Kd7 65. Bf4 Kc6 66. Bc7 Nd4 67. Kh2 Ne6 68. Be5 Kxb6 69. Kxh3 Kc5 70. Kg4 Kd5 71. Ba1 Ke4 72. Kg3 Ke3 73. Kg2 b5 74. Kf1 Nd4 75. Bc3 Kd3 76. Ba5 Nc6 77. Be1 Ne5 78. Ba5 Nc4 79. Bb4 Ne3+ 80. Kf2 Kc4 81. Ba5 Nd5 82. Ke2 Kb3 83. Kd3 Nb4+ 84. Kd2 Nc6 85. Bc3 Nb4 86. Be5 Kc4 87. Bd6 Nd3 88. Ba3 Nb4 89. Kc1 Kb3 90. Bxb4 Kxb4 91. Kb2 Kc4 92. Kc2 b4 93. Kb2 b3 94. Kb1 1/2-1/2

[Event "Galapagar op 10th"]
[Site "Galapagar"]
[Date "2009.07.18"]
[Round "1"]
[White "Fernandez Blazquez, Diego"]
[Black "Carrasco Espasandin, Pablo"]
[Result "1-0"]
[WhiteElo "2108"]
[BlackElo "1785"]
[PlyCount "119"]
[EventDate "2009.07.18"]
[EventType "swiss"]
[EventRounds "9"]
[EventCountry "ESP"]
[SourceTitle "EXT 2010"]
[Source "ChessBase"]
[SourceDate "2010.11.25"]
[SourceVersion "1"]
[SourceVersionDate "2010.11.25"]
[SourceQuality "1"]

1. d4 d5 2. c4 c6 3. Nf3 Nf6 4. e3 e6 5. Nc3 Bb4 6. Qb3 Ba5 7. Bd3 Qb6 8. Qc2 dxc4 9. Bxc4 Nbd7 10. 0-0 Qc7 11. a3 b5 12. Be2 0-0 13. b4 Bb6 14. Ne4 Nxe4 15. Qxe4 Nf6 16. Qh4 Qd6 17. Bb2 Nd5 18. Bd3 h6 19. e4 Bd8 20. Qg3 Qxg3 21. hxg3 Ne7 22. Nd2 Bb6 23. Nb3 Rd8 24. Rfd1 f6 25. Rac1 a5 26. bxa5 Bxa5 27. Nxa5 Rxa5 28. Rc5 Bb7 29. Bc2 Raa8 30. Bb3 Rd6 31. f4 Bc8 32. f5 Kh8 33. Bxe6 Bxe6 34. fxe6 Rxe6 35. d5 Rd6 36. Bc1 Ng6 37. Rd2 Ne5 38. dxc6 Rxc6 39. Rdc2 Rac8 40. Rxc6 Rxc6 41. Rxc6 Nxc6 42. Kf2 Kg8 43. Ke3 Kf7 44. Bd2 Ke6 45. Kd3 f5 46. Bc3 fxe4+ 47. Kxe4 g5 48. g4 Nd8 49. Bg7 Nf7 50. Kd4 Kd6 51. Bf8+ Kc6 52. Ke4 Kd7 53. Kd5 Ke8 54. Bg7 Kd7 55. Kc5 Kc7 56. Kxb5 Kb7 57. Kc5 Kc7 58. Kd5 Kd7 59. a4 Ke7 60. a5 1-0

[Event "ESP-ch Universities"]
[Site "Madrid"]
[Date "2008.05.10"]
[Round "8"]
[White "Pitarch Miguel, Pablo"]
[Black "Fernandez Blazquez, Diego"]
[Result "1/2-1/2"]
[WhiteElo "1944"]
[BlackElo "2068"]
[PlyCount "64"]
[EventDate "2008.05.08"]
[EventType "swiss"]
[EventRounds "9"]
[EventCountry "ESP"]
[SourceTitle "CBM 124 Extra"]
[Source "ChessBase"]
[SourceDate "2008.07.03"]
[SourceVersion "1"]
[SourceVersionDate "2008.07.03"]
[SourceQuality "1"]

1. e4 c5 2. Nf3 d6 3. d4 cxd4 4. Nxd4 Nf6 5. Nc3 a6 6. Be2 e5 7. Nb3 Be7 8. Be3 Be6 9. Nd5 Bxd5 10. exd5 Nbd7 11. 0-0 Rc8 12. c4 0-0 13. Rc1 Ne4 14. Bd3 Nec5 15. Nxc5 Nxc5 16. b4 Nxd3 17. Qxd3 f5 18. c5 f4 19. cxd6 Bxd6 20. Bc5 f3 21. Bxd6 Rxc1 22. Bxf8 Rxf1+ 23. Kxf1 fxg2+ 24. Kxg2 Kxf8 25. Qf5+ Qf6 26. Qc8+ Ke7 27. Qxb7+ Kd8 28. Qb8+ Kd7 29. Kf1 Qf5 30. Qb7+ Kd8 31. Qxg7 Qd3+ 32. Ke1 Qe4+ 1/2-1/2

[Event "ESP-ch Universities"]
[Site "Madrid"]
[Date "2008.05.09"]
[Round "5"]
[White "Fernandez Blazquez, Diego"]
[Black "Mayans Calvo, Mariano"]
[Result "0-1"]
[WhiteElo "2068"]
[BlackElo "2223"]
[PlyCount "110"]
[EventDate "2008.05.08"]
[EventType "swiss"]
[EventRounds "9"]
[EventCountry "ESP"]
[SourceTitle "CBM 124 Extra"]
[Source "ChessBase"]
[SourceDate "2008.07.03"]
[SourceVersion "1"]
[SourceVersionDate "2008.07.03"]
[SourceQuality "1"]

1. d4 e6 2. c4 Nf6 3. g3 h5 4. Nf3 h4 5. Nxh4 d5 6. Bg5 c5 7. Bg2 cxd4 8. cxd5 Bb4+ 9. Nd2 exd5 10. 0-0 Nc6 11. Nb3 Rh5 12. Bxf6 Qxf6 13. Nf3 Bh3 14. Nbxd4 Bxg2 15. Kxg2 Kf8 16. Nxc6 bxc6 17. Qd4 Qe7 18. Rac1 c5 19. Qg4 Rh6 20. e3 Rd8 21. Rfd1 Ba5 22. a3 Kg8 23. h4 Bb6 24. Rd3 Rhd6 25. Rcd1 Bc7 26. h5 Qe4 27. Kh3 f5 28. Qf4 R6d7 29. Ng5 Bxf4 30. Nxe4 fxe4 31. Rc3 Be5 32. Rxc5 Bxb2 33. a4 Ba3 34. Rc3 Bb4 35. Rc6 Rd6 36. Rc7 R8d7 37. Rc8+ Rd8 38. Rc7 R6d7 39. Rc6 Ba5 40. Ra6 Bb6 41. Rc1 Rf8 42. a5 Bd8 43. Rc2 Rf6 44. Rxf6 Bxf6 45. Rc8+ Kf7 46. g4 Ke6 47. Kg3 Rc7 48. Ra8 Bc3 49. f3 Be1+ 50. Kg2 Bxa5 51. fxe4 dxe4 52. Kg3 Rf7 53. Re8+ Re7 54. Ra8 Bc7+ 55. Kh4 Bb6 0-1